000 01157nam a22003493 4500
001 vtls000736029
005 20250626132007.0
008 231124s2023 xo g 000 f slo d
020 _a9788082491114
_q(brožované)
040 _aUKB
_bslo
_dUKB
_erda
041 1 _aslo
_heng
044 _axo
_cSK
072 7 _a821.111(73)-3
_xAmerická próza
_2konspekt
080 _a821.111(73)-31
_22011
080 _a(0:82-312.5)
_22011
080 _a(0.038)
_22011
080 _a(092)
_22011
100 1 _aHunter, Denise
_4aut
_921853
240 1 0 _aAutumn Skies.
_lSlovensky
245 1 0 _aObloha na jeseň
_cDenise Hunterová ; preklad z anglického originálu Autumn Skies: Jana Hlatká
246 1 _iZo série
_aHostinec Bluebell
_n3. diel
250 _aPrvé vydanie
264 1 _a[Jezersko]
_bi527.net
_c2023
300 _a285 strán
336 _atext
_btxt
_2rdacontent
337 _abez média
_bn
_2rdamedia
338 _azväzok
_bnc
_2rdacarrier
500 _aNa obálke pod názvom: Hostinec Bluebell - romanca
655 7 _aamerické romány
_2UKBPH
_920252
655 7 _aľúbostné romány
_2UKBPH
_920070
700 1 _aHlatká, Jana
_4trl
_919415
999 _c12950
_d12950